| 000 -LEADER |
| fixed length control field |
02467cam a2200433 a 4500 |
| 001 - CONTROL NUMBER |
| control field |
9629936 |
| 003 - CONTROL NUMBER IDENTIFIER |
| control field |
OSt |
| 005 - DATE AND TIME OF LATEST TRANSACTION |
| control field |
20220228144620.0 |
| 008 - FIXED-LENGTH DATA ELEMENTS--GENERAL INFORMATION |
| fixed length control field |
091208s2011 nyua b 001 0 eng |
| 010 ## - LIBRARY OF CONGRESS CONTROL NUMBER |
| LC control number |
2009049802 |
| 015 ## - NATIONAL BIBLIOGRAPHY NUMBER |
| National bibliography number |
GBA9A5640 |
| Source |
bnb |
| 016 7# - NATIONAL BIBLIOGRAPHIC AGENCY CONTROL NUMBER |
| Record control number |
015408085 |
| Source |
Uk |
| 020 ## - INTERNATIONAL STANDARD BOOK NUMBER |
| International Standard Book Number |
9780071077835 |
| 035 ## - SYSTEM CONTROL NUMBER |
| System control number |
(OCoLC)ocn436031178 |
| 035 ## - SYSTEM CONTROL NUMBER |
| System control number |
(NNC)9629936 |
| 038 ## - RECORD CONTENT LICENSOR |
| Staff Name |
khadija |
| 040 ## - CATALOGING SOURCE |
| Original cataloging agency |
DLC |
| Transcribing agency |
DLC |
| Modifying agency |
BTCTA |
| -- |
C#P |
| -- |
BWX |
| -- |
CDX |
| -- |
UKM |
| -- |
YDXCP |
| -- |
IG# |
| -- |
CTB |
| -- |
Y8N |
| -- |
LHU |
| -- |
TTU |
| 050 00 - LIBRARY OF CONGRESS CALL NUMBER |
| Classification number |
TJ230 |
| Item number |
.S5 2011 |
| 082 04 - DEWEY DECIMAL CLASSIFICATION NUMBER |
| Classification number |
621.815 |
| Edition number |
22 |
| Author Mark |
BUD |
| 100 1# - MAIN ENTRY--PERSONAL NAME |
| Personal name |
Budynas, Richard G. |
| Fuller form of name |
(Richard Gordon) |
| 9 (RLIN) |
81390 |
| 245 10 - TITLE STATEMENT |
| Title |
Shigley's mechanical engineering design / |
| Statement of responsibility, etc. |
Richard G. Budynas, J. Keith Nisbett. |
| 246 30 - VARYING FORM OF TITLE |
| Title proper/short title |
Mechanical engineering design |
| 250 ## - EDITION STATEMENT |
| Edition statement |
9th ed. |
| 260 ## - PUBLICATION, DISTRIBUTION, ETC. |
| Place of publication, distribution, etc. |
New York : |
| Name of publisher, distributor, etc. |
McGraw-Hill, |
| Date of publication, distribution, etc. |
c2011. |
| 300 ## - PHYSICAL DESCRIPTION |
| Extent |
xxi, 1082 p. : |
| Other physical details |
ill. ; |
| Dimensions |
27 cm. |
| 490 1# - SERIES STATEMENT |
| Series statement |
McGraw-Hill series in mechanical engineering |
| 504 ## - BIBLIOGRAPHY, ETC. NOTE |
| Bibliography, etc. note |
Includes bibliographical references and index. |
| 505 00 - FORMATTED CONTENTS NOTE |
| Miscellaneous information |
Part 1: |
| Title |
Basics -- |
| Miscellaneous information |
Chapter 1: |
| Title |
Introduction to Mechanical Engineering Design -- |
| Miscellaneous information |
Chapter 2: |
| Title |
Materials -- |
| Miscellaneous information |
Chapter 3: |
| Title |
Load and Stress Analysis -- |
| Miscellaneous information |
Chapter 4: |
| Title |
Deflection and Stiffness -- |
| Miscellaneous information |
Part II: |
| Title |
Failure Prevention -- |
| Miscellaneous information |
Chapter 5: |
| Title |
Failures Resulting from Static Loading -- |
| Miscellaneous information |
Chapter 6: |
| Title |
Fatigue Failure Resulting from Variable Loading -- |
| Miscellaneous information |
Part III: |
| Title |
Design of Mechanical Elements -- |
| Miscellaneous information |
Chapter 7: |
| Title |
Shafts and Shaft Components -- |
| Miscellaneous information |
Chapter 8: |
| Title |
Screws, Fasteners, and the Design of Nonpermanent Joints -- |
| Miscellaneous information |
Chapter 9: |
| Title |
Welding, Bonding, and the Design of Permanent Joints -- |
| Miscellaneous information |
Chapter 10: |
| Title |
Mechanical Springs -- |
| Miscellaneous information |
Chapter 11: |
| Title |
Rolling-Contact Bearings -- |
| Miscellaneous information |
Chapter 12: |
| Title |
Lubrication and Journal Bearings -- |
| Miscellaneous information |
Chapter 13: |
| Title |
Gears -- General -- |
| Miscellaneous information |
Chapter 14: |
| Title |
Spur and Helical Gears -- |
| Miscellaneous information |
Chapter 15: |
| Title |
Bevel and Worm Gears -- |
| Miscellaneous information |
Chapter 16: |
| Title |
Clutches, Brakes, Couplings and Flywheels -- |
| Miscellaneous information |
Chapter 17: |
| Title |
Flexible Mechanical Elements -- |
| Miscellaneous information |
Chapter 18: |
| Title |
Power Transmission Case Study -- |
| Miscellaneous information |
Part IV: |
| Title |
Analysis Tools -- |
| Miscellaneous information |
Chapter 19: |
| Title |
Finite Element Analysis -- |
| Miscellaneous information |
Chapter 20: |
| Title |
Statistical Considerations. |
| 563 ## - BINDING INFORMATION |
| Binding note |
paper back |
| 650 #0 - SUBJECT ADDED ENTRY--TOPICAL TERM |
| Topical term or geographic name entry element |
Machine design. |
| 9 (RLIN) |
18984 |
| 700 1# - ADDED ENTRY--PERSONAL NAME |
| Personal name |
Nisbett, J. Keith. |
| Relator code |
aut |
| 9 (RLIN) |
89857 |
| 700 1# - ADDED ENTRY--PERSONAL NAME |
| Personal name |
Shigley, Joseph Edward. |
| Relator code |
aut |
| 9 (RLIN) |
89858 |
| 830 #0 - SERIES ADDED ENTRY--UNIFORM TITLE |
| Uniform title |
McGraw-Hill series in mechanical engineering. |
| 9 (RLIN) |
89859 |
| 942 ## - ADDED ENTRY ELEMENTS (KOHA) |
| Source of classification or shelving scheme |
|
| Koha item type |
Book |
| 948 1# - LOCAL PROCESSING INFORMATION (OCLC); SERIES PART DESIGNATOR (RLIN) |
| Series part designator, SPT (RLIN) |
20120907 |
| b (OCLC) |
c |
| c (OCLC) |
rad1 |
| d (OCLC) |
MPS |
| 948 2# - LOCAL PROCESSING INFORMATION (OCLC); SERIES PART DESIGNATOR (RLIN) |
| Series part designator, SPT (RLIN) |
20120907 |
| b (OCLC) |
a |
| c (OCLC) |
rad1 |
| d (OCLC) |
MPS |
| 948 2# - LOCAL PROCESSING INFORMATION (OCLC); SERIES PART DESIGNATOR (RLIN) |
| Series part designator, SPT (RLIN) |
20120907 |
| b (OCLC) |
a |
| c (OCLC) |
rad1 |
| d (OCLC) |
MPS |